000 00365nam a2200157Ia 4500
008 151213s9999 xx 000 0 und d
100 _aA.B.Siddique
245 _aL.L.B Guide
_cA.B.Siddique
250 _a1st
260 _aDhaka
_bKamrul Book House
_c2006
300 _a3242 p.
650 _aLaw
650 _aLaw
700 _aA.B.Siddique
999 _c2228
_d2228